| 000 | 01584nam a2200373 a 4500 | ||
|---|---|---|---|
| 001 | ebr10019078 | ||
| 003 | CaPaEBR | ||
| 006 | m u | ||
| 007 | cr cn||||||||| | ||
| 008 | 000501s2001 enk sb 001 0 eng | ||
| 010 | _z 00033712 | ||
| 020 | _z0521782880 | ||
| 040 |
_aCaPaEBR _cCaPaEBR |
||
| 035 | _a(OCoLC)56793762 | ||
| 050 | 1 | 4 |
_aPA6825 _b.T518 2001eb |
| 082 | 0 | 4 |
_a871/.01 _221 |
| 100 | 1 |
_aThomas, Richard F., _d1950- |
|
| 245 | 1 | 0 |
_aVirgil and the Augustan reception _h[electronic resource] / _cRichard F. Thomas. |
| 260 |
_aCambridge ; _aNew York : _bCambridge University Press, _c2001. |
||
| 300 | _axx, 324 p. | ||
| 504 | _aIncludes bibliographical references (p. 297-312) and index. | ||
| 533 |
_aElectronic reproduction. _bPalo Alto, Calif. : _cebrary, _d2013. _nAvailable via World Wide Web. _nAccess may be limited to ebrary affiliated libraries. |
||
| 600 | 0 | 0 |
_aVirgil _xCriticism and interpretation _xHistory. |
| 600 | 0 | 0 |
_aAugustus, _cEmperor of Rome, _d63 B.C.-14 A.D. _xIn literature. |
| 600 | 0 | 0 |
_aAugustus, _cEmperor of Rome, _d63 B.C.-14 A.D. _xInfluence. |
| 600 | 0 | 0 |
_aVirgil _xTranslations into English _xHistory and criticism. |
| 600 | 0 | 0 |
_aVirgil _xAppreciation _zGreat Britain. |
| 650 | 0 |
_aLatin poetry _xHistory and criticism _xTheory, etc. |
|
| 650 | 0 |
_aLatin language _xTranslating into English. |
|
| 651 | 0 |
_aRome _xIn literature. |
|
| 655 | 7 |
_aElectronic books. _2local |
|
| 710 | 2 | _aebrary, Inc. | |
| 856 | 4 | 0 |
_uhttp://site.ebrary.com/lib/rucke/Doc?id=10019078 _zAn electronic book accessible through the World Wide Web; click to view |
| 999 |
_c9168 _d9168 |
||